Mind in science : A history of explanations in psychology and physics

This book is a jump from the academic mainstream and fascinates by a journey from the easliest recorded thinkers in the first known writing in Sumeria, through the gnomen (the Sumerian word for the finger on the sundial that measures time) to the knowledge and philosophy of Ancient Greece (they had...

全面介紹

Đã lưu trong:
書目詳細資料
主要作者: Gregory, R. L.
格式: 圖書
語言:Undetermined
出版: Cambridge Cambridge University Press 1981
主題:
標簽: 添加標簽
沒有標簽, 成為第一個標記此記錄!
Thư viện lưu trữ: Trung tâm Học liệu Trường Đại học Cần Thơ
LEADER 01340nam a2200217Ia 4500
001 CTU_218332
008 210402s9999 xx 000 0 und d
082 |a 153 
082 |b G822 
100 |a Gregory, R. L. 
245 0 |a Mind in science : 
245 2 |b A history of explanations in psychology and physics 
245 0 |c Richard L. Gregory 
260 |a Cambridge 
260 |b Cambridge University Press 
260 |c 1981 
520 |a This book is a jump from the academic mainstream and fascinates by a journey from the easliest recorded thinkers in the first known writing in Sumeria, through the gnomen (the Sumerian word for the finger on the sundial that measures time) to the knowledge and philosophy of Ancient Greece (they had cogwheels and gears) through classical times to the present. This is a history of science from a philosphical perspective, a reflection on the recorded mind of man. Richard Gregory is a philosopher, a scientist and a man who knows as much as anyone knows how the brain works. A tour de force, this book will change you by captivating and entertaining as well as profoundly altering your mind. 
650 |a Psychology,Psychology,Tâm lý,Tâm lý 
650 |x Philosophy,History,Triết học,Lịch sử 
904 |i Qhieu 
980 |a Trung tâm Học liệu Trường Đại học Cần Thơ